000 00197nam a2200085 4500
001 1257596
005 20260217105928.0
245 _aİÇİMDEKİ MÜZİK
_cSHARON M. DRAPER
260 _bTİMAŞ YAYINLARI
999 _c1257596
_d1257596